[Event "5. Open Ciudad de Tres Cantos 2013"]
[Site "Tres Cantos ESP"]
[Date "2013.06.21"]
[Round "1.1"]
[White "De Dompablo Fantova, Juan"]
[Black "Del Rio De Angelis, Salvador G"]
[Result "0-1"]
[WhiteElo "1715"]
[BlackElo "2505"]
[PlyCount "58"]
[EventDate "2013.06.21"]
[EventType "swiss"]
[EventRounds "9"]
[EventCountry "ESP"]
[SourceTitle "Ajedrez en Madrid"]
[Source "lmi"]
[SourceDate "2013.06.21"]
[SourceVersion "1"]
[SourceVersionDate "2013.06.27"]
[SourceQuality "1"]

1. e4 c6 2. d4 d5 3. e5 c5 4. c3 Nc6 5. Nf3 Bg4 6. Be2 e6 7. O-O cxd4 8. cxd4
Nge7 9. Be3 Nf5 10. Nbd2 Be7 11. Nb3 O-O 12. h3 Bh5 13. g4 Nxe3 14. fxe3 Bg6
15. Bd3 Bxd3 16. Qxd3 Qb6 17. a3 a5 18. Rfc1 f6 19. Nc5 Bxc5 20. Rxc5 fxe5 21.
Rb5 Qd8 22. Qe2 e4 23. Nd2 e5 24. Rf1 Qd7 25. Rxf8+ Rxf8 26. Nb3 exd4 27. Nc5
Qd6 28. Qh2 Rf1+ 29. Kg2 Rf2+ 0-1

[Event "5. Open Ciudad de Tres Cantos 2013"]
[Site "Tres Cantos ESP"]
[Date "2013.06.21"]
[Round "1.2"]
[White "Almagro Llamas, Pablo"]
[Black "Gonzalez Marquez, Jorge"]
[Result "1-0"]
[WhiteElo "2470"]
[BlackElo "1713"]
[PlyCount "47"]
[EventDate "2013.06.21"]
[EventType "swiss"]
[EventRounds "9"]
[EventCountry "ESP"]
[SourceTitle "Ajedrez en Madrid"]
[Source "lmi"]
[SourceDate "2013.06.21"]
[SourceVersion "1"]
[SourceVersionDate "2013.06.27"]
[SourceQuality "1"]

1. e4 c5 2. Nf3 d6 3. d4 cxd4 4. Nxd4 Nf6 5. Nc3 a6 6. Bc4 e5 7. Nf5 Nc6 8. Bg5
Bxf5 9. exf5 Nd4 10. Qd3 Be7 11. Bxf6 Bxf6 12. Nd5 b5 13. Bb3 Qa5+ 14. Kf1 Rc8
15. Rd1 O-O 16. c3 Nxb3 17. axb3 Qa2 18. Qc2 Qa5 19. h4 Rfe8 20. Rh3 Qd8 21.
Qe4 Rc5 22. Rhd3 Bxh4 23. Nb4 Be7 24. Nxa6 1-0

[Event "5. Open Ciudad de Tres Cantos 2013"]
[Site "Tres Cantos ESP"]
[Date "2013.06.21"]
[Round "1.3"]
[White "Perez Romero, Joaquin"]
[Black "Rubio Mejia, Luis Ignacio"]
[Result "0-1"]
[WhiteElo "1710"]
[BlackElo "2451"]
[PlyCount "100"]
[EventDate "2013.06.21"]
[EventType "swiss"]
[EventRounds "9"]
[EventCountry "ESP"]
[SourceTitle "Ajedrez en Madrid"]
[Source "lmi"]
[SourceDate "2013.06.21"]
[SourceVersion "1"]
[SourceVersionDate "2013.06.27"]
[SourceQuality "1"]

1. e4 c5 2. Nf3 d6 3. c3 Nf6 4. Be2 Bg4 5. O-O e6 6. Re1 Be7 7. d4 cxd4 8. cxd4
O-O 9. Nc3 d5 10. e5 Ne4 11. Bd3 Nxc3 12. bxc3 Nc6 13. Rb1 b6 14. Qc2 Bxf3 15.
gxf3 g6 16. Bh6 Re8 17. f4 Rc8 18. Qe2 Bf8 19. Bxf8 Rxf8 20. Kh1 Qh4 21. Qe3 f6
22. Qg3 Qxg3 23. fxg3 fxe5 24. dxe5 Na5 25. Rec1 Rc5 26. Ba6 Rf7 27. Rb5 Rc6
28. Rb2 Rfc7 29. Rbc2 Nc4 30. Bxc4 Rxc4 31. Kg1 d4 32. Rd2 dxc3 33. Rdc2 b5 34.
Rd1 a5 35. Kf2 b4 36. Ke3 a4 37. Rb1 Rd7 38. Ke2 Kg7 39. Ke3 h6 40. Ke2 g5 41.
Ke3 Kg6 42. fxg5 hxg5 43. Rf1 b3 44. axb3 axb3 45. Rcf2 c2 46. Rf6+ Kg7 47.
Rxe6 b2 48. Rff6 c1=Q+ 49. Kf3 Qf1+ 50. Ke3 Rd3# 0-1

[Event "5. Open Ciudad de Tres Cantos 2013"]
[Site "Tres Cantos ESP"]
[Date "2013.06.21"]
[Round "1.4"]
[White "Hernando Pertierra, Jose C"]
[Black "Martin Garcia, Francisco Javie"]
[Result "1-0"]
[WhiteElo "2359"]
[BlackElo "1701"]
[PlyCount "67"]
[EventDate "2013.06.21"]
[EventType "swiss"]
[EventRounds "9"]
[EventCountry "ESP"]
[SourceTitle "Ajedrez en Madrid"]
[Source "lmi"]
[SourceDate "2013.06.21"]
[SourceVersion "1"]
[SourceVersionDate "2013.06.27"]
[SourceQuality "1"]

1. Nf3 Nf6 2. d4 g6 3. Nc3 d5 4. Bf4 Bg7 5. Nb5 Na6 6. c3 O-O 7. e3 c6 8. Na3
Nc7 9. Bd3 Bf5 10. Bxf5 gxf5 11. Qb3 Nh5 12. Bg3 Rb8 13. Be5 e6 14. c4 Bxe5 15.
Nxe5 f6 16. Nd3 dxc4 17. Nxc4 Nd5 18. Qa3 f4 19. e4 Nc7 20. Qc5 Ng7 21. Nxf4
Nb5 22. d5 b6 23. Qb4 a5 24. Qd2 exd5 25. exd5 Re8+ 26. Ne3 Nf5 27. O-O Nbd4
28. Qd3 Nxe3 29. fxe3 Nb5 30. Nh5 Rf8 31. Qf5 Qe7 32. dxc6 Qxe3+ 33. Kh1 Qe7
34. Qxb5 1-0

[Event "5. Open Ciudad de Tres Cantos 2013"]
[Site "Tres Cantos ESP"]
[Date "2013.06.21"]
[Round "1.6"]
[White "Rabadan Velasco, Raul"]
[Black "Sancinena Arpide, Juan"]
[Result "1-0"]
[WhiteElo "2287"]
[BlackElo "1692"]
[PlyCount "59"]
[EventDate "2013.06.21"]
[EventType "swiss"]
[EventRounds "9"]
[EventCountry "ESP"]
[SourceTitle "Ajedrez en Madrid"]
[Source "lmi"]
[SourceDate "2013.06.21"]
[SourceVersion "1"]
[SourceVersionDate "2013.06.27"]
[SourceQuality "1"]

1. b3 e5 2. Bb2 Nc6 3. e3 d6 4. c4 Be7 5. Nc3 Bf5 6. Be2 Qd7 7. d4 exd4 8. exd4
Bg6 9. d5 Nb4 10. Rc1 Bg5 11. Nb5 f6 12. Rc3 Nxa2 13. Rg3 Nb4 14. Nh3 Nc2+ 15.
Kf1 a6 16. Nxg5 fxg5 17. Bg4 Qf7 18. Be6 Qe7 19. Nd4 Nb4 20. Bxg8 O-O-O 21.
Be6+ Kb8 22. Qd2 Nd3 23. Rxd3 Bxd3+ 24. Qxd3 Rhf8 25. Nf5 Qe8 26. Bxg7 Rxf5 27.
Qxf5 Qh5 28. f3 Qh4 29. g3 Qh5 30. Bf7 1-0

[Event "5. Open Ciudad de Tres Cantos 2013"]
[Site "Tres Cantos ESP"]
[Date "2013.06.21"]
[Round "1.7"]
[White "Bernal Zajarov, Mateo"]
[Black "Suarez Uriel, Adrian"]
[Result "0-1"]
[WhiteElo "1682"]
[BlackElo "2287"]
[PlyCount "53"]
[EventDate "2013.06.21"]
[EventType "swiss"]
[EventRounds "9"]
[EventCountry "ESP"]
[SourceTitle "Ajedrez en Madrid"]
[Source "lmi"]
[SourceDate "2013.06.21"]
[SourceVersion "1"]
[SourceVersionDate "2013.06.27"]
[SourceQuality "1"]

1. d4 Nf6 2. c4 g6 3. Nc3 d5 4. cxd5 Nxd5 5. e4 Nxc3 6. bxc3 Bg7 7. Rb1 c5 8.
Be3 O-O 9. Ne2 Nc6 10. g3 Qa5 11. Qd2 Rd8 12. d5 Ne5 13. Bg2 Bg4 14. O-O Nf3+
15. Bxf3 Bxf3 16. Qc2 b6 17. c4 Qa6 18. Bc1 Qc8 19. Qd3 Bg4 20. f3 Bh3 21. Rd1
f5 22. Bb2 fxe4 23. Qxe4 Bf5 24. Qxe7 Rd7 25. Qe3 Bxb1 26. Bxg7 Rxg7 27. Nf4
0-1

[Event "5. Open Ciudad de Tres Cantos 2013"]
[Site "Tres Cantos ESP"]
[Date "2013.06.21"]
[Round "1.8"]
[White "Martin Duque, Jesus"]
[Black "Garcia Lopez, Fernando"]
[Result "1-0"]
[WhiteElo "2277"]
[BlackElo "1668"]
[PlyCount "62"]
[EventDate "2013.06.21"]
[EventType "swiss"]
[EventRounds "9"]
[EventCountry "ESP"]
[SourceTitle "Ajedrez en Madrid"]
[Source "lmi"]
[SourceDate "2013.06.21"]
[SourceVersion "1"]
[SourceVersionDate "2013.06.27"]
[SourceQuality "1"]

1. e4 e5 2. Nf3 Nc6 3. Bc4 Nf6 4. d3 d6 5. Bb3 Be7 6. c3 O-O 7. Nbd2 Na5 8. Bc2
a6 9. Nf1 Re8 10. Ng3 Bf8 11. O-O Bg4 12. h3 Be6 13. d4 Nc4 14. b3 Nb6 15. Be3
c6 16. dxe5 Nfd7 17. exd6 Nf6 18. c4 Bxd6 19. Bxb6 Qxb6 20. Qxd6 Rad8 21. Qf4
h6 22. e5 Nh7 23. Bxh7+ Kxh7 24. Ne2 Rd3 25. Ned4 Rxf3 26. Qxf3 Re7 27. Rac1
Qc5 28. Qe4+ Kg8 29. Nf3 f5 30. exf6 Rf7 31. Qxe6 gxf6 1-0

[Event "5. Open Ciudad de Tres Cantos 2013"]
[Site "Tres Cantos ESP"]
[Date "2013.06.21"]
[Round "1.9"]
[White "Tevar Becerra, Alvaro"]
[Black "Mena Corrochano, Alberto"]
[Result "0-1"]
[WhiteElo "1664"]
[BlackElo "2176"]
[PlyCount "74"]
[EventDate "2013.06.21"]
[EventType "swiss"]
[EventRounds "9"]
[EventCountry "ESP"]
[SourceTitle "Ajedrez en Madrid"]
[Source "lmi"]
[SourceDate "2013.06.21"]
[SourceVersion "1"]
[SourceVersionDate "2013.06.27"]
[SourceQuality "1"]

1. e4 c5 2. Nf3 e6 3. c3 Nf6 4. e5 Nd5 5. d4 cxd4 6. cxd4 d6 7. Bc4 Nc6 8. Bxd5
exd5 9. O-O Be7 10. Bf4 dxe5 11. Bxe5 O-O 12. Nc3 Be6 13. Re1 Rc8 14. a3 Na5
15. Qe2 Re8 16. Rac1 Nb3 17. Rcd1 Na5 18. Qb5 a6 19. Qe2 Nc4 20. Rc1 Qa5 21.
Nb1 Bg4 22. h3 Bh5 23. b3 Bxf3 24. Qxf3 Nxe5 25. dxe5 Bxa3 26. Nxa3 Rxc1 27.
Rxc1 Qxa3 28. Rd1 Rxe5 29. Rxd5 Rxd5 30. Qxd5 Qc1+ 31. Kh2 Qf4+ 32. Kg1 Qc1+
33. Kh2 Qc7+ 34. g3 g6 35. Qd4 Qa5 36. Qg4 h5 37. Qc8+ Kg7 0-1

[Event "5. Open Ciudad de Tres Cantos 2013"]
[Site "Tres Cantos ESP"]
[Date "2013.06.21"]
[Round "1.10"]
[White "Ballesteros Jimenez, Miguel A"]
[Black "Gonzalez Tedin, Antonio"]
[Result "0-1"]
[WhiteElo "1647"]
[BlackElo "2161"]
[PlyCount "68"]
[EventDate "2013.06.21"]
[EventType "swiss"]
[EventRounds "9"]
[EventCountry "ESP"]
[SourceTitle "Ajedrez en Madrid"]
[Source "lmi"]
[SourceDate "2013.06.21"]
[SourceVersion "1"]
[SourceVersionDate "2013.06.27"]
[SourceQuality "1"]

1. e4 c5 2. Nc3 Nc6 3. f4 g6 4. Nf3 Bg7 5. Bb5 Nd4 6. O-O Nxb5 7. Nxb5 d5 8.
exd5 a6 9. Nc3 Nf6 10. d4 Nxd5 11. dxc5 Nxc3 12. Qxd8+ Kxd8 13. bxc3 Bxc3 14.
Rb1 Kc7 15. Rb3 Bf6 16. Bd2 a5 17. Rfb1 a4 18. Rb5 Ra6 19. Ba5+ Kb8 20. Bb6 Bd7
21. R5b4 Rc8 22. a3 Bc3 23. Re4 e6 24. Ne5 Bc6 25. Re3 Bd4 26. Kf2 f6 27. Nxc6+
Rxc6 28. Rd1 Raxb6 29. Rxd4 Rxc5 30. Rxa4 Rxc2+ 31. Kf3 Rbb2 32. Rxe6 Rf2+ 33.
Ke4 Rfe2+ 34. Kd5 Rbd2+ 0-1

[Event "5. Open Ciudad de Tres Cantos 2013"]
[Site "Tres Cantos ESP"]
[Date "2013.06.21"]
[Round "1.11"]
[White "Pastor Alonso De Prado, Albert"]
[Black "Perez-Nunez Castillo, Jose"]
[Result "1-0"]
[WhiteElo "2139"]
[BlackElo "1640"]
[PlyCount "79"]
[EventDate "2013.06.21"]
[EventType "swiss"]
[EventRounds "9"]
[EventCountry "ESP"]
[SourceTitle "Ajedrez en Madrid"]
[Source "lmi"]
[SourceDate "2013.06.21"]
[SourceVersion "1"]
[SourceVersionDate "2013.06.27"]
[SourceQuality "1"]

1. e4 c6 2. d4 d5 3. e5 Bf5 4. a3 a5 5. c4 e6 6. Nc3 Ne7 7. f4 dxc4 8. Bxc4 Nd5
9. Nge2 Nd7 10. Ng3 Bg6 11. O-O f6 12. exf6 N7xf6 13. f5 Bxf5 14. Nxf5 exf5 15.
Rxf5 Bd6 16. Nxd5 cxd5 17. Bb5+ Kf7 18. Bg5 Rf8 19. Bxf6 gxf6 20. Qh5+ Kg8 21.
Raf1 Qe7 22. Qf3 Qe4 23. Rxd5 Qxf3 24. Rxf3 Rad8 25. Bc4 Kh8 26. Rh3 Bc7 27.
Rdh5 Rd7 28. Be6 Re7 29. d5 Be5 30. b3 b6 31. Kf2 Rc7 32. R3h4 Re8 33. Kf3 Ree7
34. Ke4 Rc2 35. Rg4 Re8 36. Bf7 Rf8 37. Bg6 Rc7 38. Rgh4 Rd8 39. Bxh7 Rxh7 40.
Rxh7+ 1-0

[Event "5. Open Ciudad de Tres Cantos 2013"]
[Site "Tres Cantos ESP"]
[Date "2013.06.21"]
[Round "1.12"]
[White "Corral Sanchez, Jesus"]
[Black "Rodriguez De Castro, Ayar"]
[Result "0-1"]
[WhiteElo "1636"]
[BlackElo "2138"]
[PlyCount "72"]
[EventDate "2013.06.21"]
[EventType "swiss"]
[EventRounds "9"]
[EventCountry "ESP"]
[SourceTitle "Ajedrez en Madrid"]
[Source "lmi"]
[SourceDate "2013.06.21"]
[SourceVersion "1"]
[SourceVersionDate "2013.06.27"]
[SourceQuality "1"]

1. e4 d6 2. d4 Nf6 3. Nc3 Nbd7 4. Nf3 e5 5. Bc4 Be7 6. Qe2 c6 7. a4 a5 8. O-O
O-O 9. h3 Nb6 10. Bd3 Nfd7 11. Be3 Qc7 12. Rfd1 exd4 13. Nxd4 Ne5 14. Nf3 Nxd3
15. cxd3 Be6 16. Ng5 Bb3 17. Rd2 h6 18. Nf3 Be6 19. Nd4 Bd7 20. Qf3 Bf6 21.
Rdd1 Rad8 22. Nf5 Bxf5 23. Qxf5 d5 24. Bf4 Qd7 25. Qh5 Rfe8 26. e5 g6 27. Qxh6
Bxe5 28. Bxe5 Rxe5 29. b3 Rde8 30. Qd2 Qe7 31. Kf1 d4 32. Ne4 Nd5 33. Re1 Nb4
34. Ng3 Rxe1+ 35. Rxe1 Qxe1+ 36. Qxe1 Rxe1+ 0-1

[Event "5. Open Ciudad de Tres Cantos 2013"]
[Site "Tres Cantos ESP"]
[Date "2013.06.21"]
[Round "1.14"]
[White "Ledo Galano, Anton"]
[Black "Moreno Ibanez, Miguel"]
[Result "0-1"]
[WhiteElo "1609"]
[BlackElo "2117"]
[PlyCount "44"]
[EventDate "2013.06.21"]
[EventType "swiss"]
[EventRounds "9"]
[EventCountry "ESP"]
[SourceTitle "Ajedrez en Madrid"]
[Source "lmi"]
[SourceDate "2013.06.21"]
[SourceVersion "1"]
[SourceVersionDate "2013.06.27"]
[SourceQuality "1"]

1. e4 c5 2. Nf3 d6 3. d4 cxd4 4. Nxd4 Nf6 5. Nc3 a6 6. a4 Nc6 7. Nf3 g6 8. Bd3
Bg7 9. Be3 Ng4 10. Qd2 Nxe3 11. Qxe3 O-O 12. O-O Qa5 13. Bc4 Bg4 14. Nd2 Rac8
15. Nb3 Qd8 16. Rab1 Nb4 17. Qd2 Rxc4 18. f3 Be6 19. Kh1 Qc7 20. Rfc1 f5 21.
Qe2 Bxc3 22. bxc3 Na2 0-1

[Event "5. Open Ciudad de Tres Cantos 2013"]
[Site "Tres Cantos ESP"]
[Date "2013.06.21"]
[Round "1.15"]
[White "Alvarez Abejon, Amilcar"]
[Black "Sanchez Tapia, Luis G"]
[Result "1-0"]
[WhiteElo "2098"]
[BlackElo "1600"]
[PlyCount "103"]
[EventDate "2013.06.21"]
[EventType "swiss"]
[EventRounds "9"]
[EventCountry "ESP"]
[SourceTitle "Ajedrez en Madrid"]
[Source "lmi"]
[SourceDate "2013.06.21"]
[SourceVersion "1"]
[SourceVersionDate "2013.06.27"]
[SourceQuality "1"]

1. d4 Nf6 2. Bg5 e6 3. e3 d6 4. Nf3 Nbd7 5. Bd3 Be7 6. c4 c5 7. Nc3 Nd5 8. Bxe7
Nxc3 9. Bxd8 Nxd1 10. Rxd1 Kxd8 11. O-O Ke7 12. Rd2 h6 13. Rfd1 cxd4 14. Nxd4
Nc5 15. Bc2 Bd7 16. Ne2 Bc6 17. Rxd6 Rad8 18. Rxd8 Rxd8 19. Rxd8 Kxd8 20. b4
Be4 21. Bxe4 Nxe4 22. f3 Nd2 23. c5 e5 24. Nc3 a6 25. Kf2 Kd7 26. Ke2 Nc4 27.
Kd3 Na3 28. Ne4 b6 29. cxb6 f6 30. Nc5+ Kc6 31. b7 Kc7 32. Kc3 Nb1+ 33. Kc4
Na3+ 34. Kd5 Nc2 35. Nxa6+ Kxb7 36. Nc5+ Kb6 37. Ke4 Nxb4 38. Ne6 Nxa2 39. Nxg7
Nc3+ 40. Kf5 Nd1 41. e4 Ne3+ 42. Kxf6 Nxg2 43. Kxe5 Ne1 44. f4 Nf3+ 45. Kd6 Kb7
46. e5 Kc8 47. e6 Nd4 48. e7 Nb5+ 49. Ke5 Nc7 50. e8=Q+ Nxe8 51. Nxe8 Kd8 52.
Nd6 1-0

[Event "5. Open Ciudad de Tres Cantos 2013"]
[Site "Tres Cantos ESP"]
[Date "2013.06.21"]
[Round "1.16"]
[White "Pindado Del Carmen, Eliseo"]
[Black "Lopez De Turiso, Jose Angel"]
[Result "1/2-1/2"]
[WhiteElo "1598"]
[BlackElo "2095"]
[PlyCount "93"]
[EventDate "2013.06.21"]
[EventType "swiss"]
[EventRounds "9"]
[EventCountry "ESP"]
[SourceTitle "Ajedrez en Madrid"]
[Source "lmi"]
[SourceDate "2013.06.21"]
[SourceVersion "1"]
[SourceVersionDate "2013.06.27"]
[SourceQuality "1"]

1. d4 f5 2. Nc3 Nf6 3. Bg5 e6 4. Nf3 Be7 5. h3 d6 6. e3 Nbd7 7. Bb5 c6 8. Bd3
d5 9. Ne2 Ne4 10. Bxe7 Qxe7 11. c3 e5 12. Nxe5 Nxe5 13. dxe5 Qxe5 14. Nf4 Bd7
15. Bxe4 dxe4 16. Qh5+ g6 17. Qg5 Kf7 18. O-O-O Be6 19. Nxe6 Qxe6 20. Kb1 Qe7
21. Qxe7+ Kxe7 22. Rd4 Rad8 23. Rhd1 Rxd4 24. Rxd4 c5 25. Rd2 b6 26. Kc2 g5 27.
Rd5 Rf8 28. g3 Rf6 29. Kd2 Rd6 30. Rxd6 Kxd6 31. c4 Ke5 32. b3 h5 33. a4 f4 34.
g4 hxg4 35. hxg4 fxe3+ 36. fxe3 Kd6 37. Kc2 Kc6 38. Kc3 Kb7 39. Kb2 Ka6 40. Kc2
Ka5 41. Kc3 a6 42. Kc2 Kb4 43. Kb2 a5 44. Kc2 Ka3 45. Kc3 Ka2 46. Kc2 Ka1 47.
Kc1 1/2-1/2

[Event "5. Open Ciudad de Tres Cantos 2013"]
[Site "Tres Cantos ESP"]
[Date "2013.06.21"]
[Round "1.18"]
[White "Bento Iglesias, Pablo"]
[Black "Rivera Leon, Mauro Arturo"]
[Result "0-1"]
[WhiteElo "1573"]
[BlackElo "2081"]
[PlyCount "52"]
[EventDate "2013.06.21"]
[EventType "swiss"]
[EventRounds "9"]
[EventCountry "ESP"]
[SourceTitle "Ajedrez en Madrid"]
[Source "lmi"]
[SourceDate "2013.06.21"]
[SourceVersion "1"]
[SourceVersionDate "2013.06.27"]
[SourceQuality "1"]

1. a3 Nf6 2. Nf3 g6 3. c4 Bg7 4. g3 O-O 5. Bg2 c5 6. O-O Nc6 7. e3 d5 8. cxd5
Nxd5 9. Nc3 Nc7 10. Qe2 Bf5 11. e4 Bg4 12. Qe3 Nd4 13. Rb1 Qd7 14. Ne2 Nce6 15.
b4 Bh6 16. Qxh6 Nxe2+ 17. Kh1 Qd3 18. Ne5 Qxb1 19. Nxg4 Nxc1 20. d4 Nxd4 21.
Rxc1 Qb2 22. Bh3 Qe2 23. e5 Rac8 24. Ra1 e6 25. Qh4 h5 26. Nh6+ Kg7 0-1

[Event "5. Open Ciudad de Tres Cantos 2013"]
[Site "Tres Cantos ESP"]
[Date "2013.06.21"]
[Round "1.20"]
[White "Savchuk, Olga"]
[Black "Munoz Manzano, Jose Manuel"]
[Result "0-1"]
[WhiteElo "1543"]
[BlackElo "2075"]
[PlyCount "60"]
[EventDate "2013.06.21"]
[EventType "swiss"]
[EventRounds "9"]
[EventCountry "ESP"]
[SourceTitle "Ajedrez en Madrid"]
[Source "lmi"]
[SourceDate "2013.06.21"]
[SourceVersion "1"]
[SourceVersionDate "2013.06.27"]
[SourceQuality "1"]

1. e4 c6 2. d4 d5 3. exd5 cxd5 4. Nf3 Nf6 5. Be2 Bf5 6. O-O Qc7 7. Bd3 Bxd3 8.
Qxd3 e6 9. Bg5 Ne4 10. Bh4 Nd7 11. Nbd2 Nxd2 12. Qxd2 Bd6 13. Bg3 Bxg3 14. fxg3
O-O 15. Rac1 Rac8 16. Qd3 Qc4 17. Qa3 a6 18. Kh1 Nf6 19. Qe7 Qc7 20. Qb4 Ne4
21. Ne5 f6 22. Nd3 e5 23. Rfe1 b5 24. a4 Qc4 25. Qe7 Qxd4 26. Qe6+ Kh8 27. Qxa6
bxa4 28. Ra1 Rxc2 29. Rxa4 Qxd3 30. Qa8 Rcc8 0-1

[Event "5. Open Ciudad de Tres Cantos 2013"]
[Site "Tres Cantos ESP"]
[Date "2013.06.21"]
[Round "1.21"]
[White "Ledo Galan, Jose Emilio"]
[Black "Picazo Sancho, Alvaro"]
[Result "1-0"]
[WhiteElo "2058"]
[BlackElo "1521"]
[PlyCount "73"]
[EventDate "2013.06.21"]
[EventType "swiss"]
[EventRounds "9"]
[EventCountry "ESP"]
[SourceTitle "Ajedrez en Madrid"]
[Source "lmi"]
[SourceDate "2013.06.21"]
[SourceVersion "1"]
[SourceVersionDate "2013.06.27"]
[SourceQuality "1"]

1. e4 c5 2. Nf3 Nc6 3. d4 cxd4 4. Nxd4 Qc7 5. Nc3 e6 6. Ndb5 Qb8 7. g3 a6 8.
Nd4 Bb4 9. Bg2 Nf6 10. O-O Qc7 11. Bg5 Be7 12. Kh1 O-O 13. f4 d6 14. Qd2 Bd7
15. Rad1 Rab8 16. Nf3 Rfd8 17. f5 b5 18. Bxf6 Bxf6 19. Qxd6 Qxd6 20. Rxd6 Be7
21. Rd2 exf5 22. Rfd1 Be6 23. exf5 Bxf5 24. Nd5 Kf8 25. Nxe7 Kxe7 26. c3 Bc2
27. Re1+ Kf8 28. Rxc2 b4 29. c4 b3 30. axb3 Rxb3 31. Ng5 Nb4 32. Rf2 Rd7 33.
Rfe2 Rd8 34. Nxh7+ Kg8 35. Ng5 Kf8 36. Rf1 Rd7 37. Ne6+ 1-0

[Event "5. Open Ciudad de Tres Cantos 2013"]
[Site "Tres Cantos ESP"]
[Date "2013.06.21"]
[Round "1.23"]
[White "Garcia Ruido, Ricardo"]
[Black "Ojosnegros Martin, Angel"]
[Result "1-0"]
[WhiteElo "2051"]
[BlackElo "1512"]
[PlyCount "51"]
[EventDate "2013.06.21"]
[EventType "swiss"]
[EventRounds "9"]
[EventCountry "ESP"]
[SourceTitle "Ajedrez en Madrid"]
[Source "lmi"]
[SourceDate "2013.06.21"]
[SourceVersion "1"]
[SourceVersionDate "2013.06.27"]
[SourceQuality "1"]

1. e4 e5 2. Nf3 Nc6 3. Bc4 Bc5 4. c3 Nf6 5. d3 d6 6. Bb3 O-O 7. h3 Be6 8. Bc2
Re8 9. Qe2 d5 10. Nbd2 a6 11. Nf1 Qd7 12. Ng3 dxe4 13. dxe4 Rad8 14. Nh4 b5 15.
Bg5 Bc4 16. Qf3 Re6 17. Rd1 Rd6 18. Rxd6 Qxd6 19. Nhf5 Qe6 20. b3 b4 21. bxc4
bxc3 22. O-O Qxc4 23. Bxf6 Rd2 24. Bb3 Qd3 25. Qg4 g6 26. Nh6+ 1-0

[Event "5. Open Ciudad de Tres Cantos 2013"]
[Site "Tres Cantos ESP"]
[Date "2013.06.21"]
[Round "1.24"]
[White "Cortijo Manso, Luis"]
[Black "Aziz Ortego, Omar Luis"]
[Result "0-1"]
[WhiteElo "1504"]
[BlackElo "2045"]
[PlyCount "54"]
[EventDate "2013.06.21"]
[EventType "swiss"]
[EventRounds "9"]
[EventCountry "ESP"]
[SourceTitle "Ajedrez en Madrid"]
[Source "lmi"]
[SourceDate "2013.06.21"]
[SourceVersion "1"]
[SourceVersionDate "2013.06.27"]
[SourceQuality "1"]

1. d4 Nf6 2. Nf3 e6 3. g3 b6 4. Bg2 Bb7 5. c4 Be7 6. Nc3 Ne4 7. O-O O-O 8. d5
exd5 9. cxd5 Nxc3 10. bxc3 Bf6 11. Bb2 c6 12. e4 cxd5 13. exd5 Na6 14. Rb1 Rc8
15. Rc1 Nb4 16. Ba3 Nxa2 17. Bxf8 Nxc1 18. Bb4 Na2 19. Qb3 Nxc3 20. Nd2 a5 21.
Bxc3 Rxc3 22. Qa2 Ba6 23. Re1 Be7 24. Ne4 Ra3 25. Qb2 Bb4 26. Rc1 f5 27. Nc3
Qf6 0-1

[Event "5. Open Ciudad de Tres Cantos 2013"]
[Site "Tres Cantos ESP"]
[Date "2013.06.21"]
[Round "1.25"]
[White "Nunez Miranda, Adrian"]
[Black "Garcia Minguez, Antonio"]
[Result "1-0"]
[WhiteElo "2037"]
[BlackElo "1496"]
[PlyCount "95"]
[EventDate "2013.06.21"]
[EventType "swiss"]
[EventRounds "9"]
[EventCountry "ESP"]
[SourceTitle "Ajedrez en Madrid"]
[Source "lmi"]
[SourceDate "2013.06.21"]
[SourceVersion "1"]
[SourceVersionDate "2013.06.27"]
[SourceQuality "1"]

1. e4 c5 2. Nf3 a6 3. c3 e6 4. d4 b6 5. Bd3 Bb7 6. O-O Nf6 7. Nbd2 Be7 8. Re1
d6 9. a4 Nbd7 10. Nf1 Rc8 11. Qe2 a5 12. Ba6 Bxa6 13. Qxa6 O-O 14. Bf4 Nh5 15.
Be3 Nhf6 16. Ng3 Qc7 17. Rac1 Qc6 18. Qb5 Qb7 19. Bf4 d5 20. e5 Ne8 21. Qd3 g6
22. Bh6 Ng7 23. h4 cxd4 24. cxd4 Rxc1 25. Rxc1 Rc8 26. Re1 Nf8 27. Ng5 Qd7 28.
Qb3 Bd8 29. Re3 Nf5 30. Nxf5 gxf5 31. Rg3 Qe8 32. h5 Kh8 33. Qb5 Nd7 34. Nh3
Bh4 35. Bg7+ Kg8 36. Qd3 Bxg3 37. Qxg3 f6 38. Bxf6+ Qg6 39. hxg6 Nxf6 40. gxh7+
Kxh7 41. exf6 Rg8 42. Qc7+ Kg6 43. f7 Rf8 44. Nf4+ Kf6 45. Nh5+ Kg6 46. Qe7
Rxf7 47. Nf4+ Kg7 48. Qg5+ 1-0

[Event "5. Open Ciudad de Tres Cantos 2013"]
[Site "Tres Cantos ESP"]
[Date "2013.06.21"]
[Round "1.26"]
[White "Soriano Plata, Miguel"]
[Black "Gomez Ferrer, Jesus"]
[Result "0-1"]
[WhiteElo "1487"]
[BlackElo "2030"]
[PlyCount "80"]
[EventDate "2013.06.21"]
[EventType "swiss"]
[EventRounds "9"]
[EventCountry "ESP"]
[SourceTitle "Ajedrez en Madrid"]
[Source "lmi"]
[SourceDate "2013.06.21"]
[SourceVersion "1"]
[SourceVersionDate "2013.06.27"]
[SourceQuality "1"]

1. d4 d5 2. Nc3 Nf6 3. Bg5 e6 4. e4 dxe4 5. Nxe4 Be7 6. Nxf6+ Bxf6 7. Bxf6 Qxf6
8. Qd2 O-O 9. O-O-O c5 10. dxc5 Nc6 11. Nf3 h6 12. Bd3 Rd8 13. Qe3 Bd7 14. Rd2
Nb4 15. a3 Nxd3+ 16. Rxd3 Bc6 17. Rhd1 Bd5 18. Qe5 Qxe5 19. Nxe5 Rdc8 20. g3
Rxc5 21. Ng4 Rac8 22. Ne3 Kh7 23. R1d2 Be4 24. Rd7 R8c7 25. Rxc7 Rxc7 26. Rd4
Bc6 27. c3 e5 28. Rd2 a6 29. Nd5 Bxd5 30. Rxd5 Re7 31. Rd2 Kg6 32. Re2 Kf5 33.
f3 g5 34. h3 h5 35. Kd2 g4 36. hxg4+ hxg4 37. f4 Rd7+ 38. Ke3 exf4+ 39. gxf4
Re7+ 40. Kf2 Rxe2+ 0-1

[Event "5. Open Ciudad de Tres Cantos 2013"]
[Site "Tres Cantos ESP"]
[Date "2013.06.21"]
[Round "1.28"]
[White "Jarne Ubieto, Francisco"]
[Black "Heras Cuenca, Miguel Angel"]
[Result "0-1"]
[WhiteElo "1463"]
[BlackElo "2012"]
[PlyCount "50"]
[EventDate "2013.06.21"]
[EventType "swiss"]
[EventRounds "9"]
[EventCountry "ESP"]
[SourceTitle "Ajedrez en Madrid"]
[Source "lmi"]
[SourceDate "2013.06.21"]
[SourceVersion "1"]
[SourceVersionDate "2013.06.27"]
[SourceQuality "1"]

1. d4 Nf6 2. e3 g6 3. Nf3 Bg7 4. Bd3 d5 5. O-O O-O 6. b3 c5 7. Bb2 cxd4 8. exd4
Nc6 9. Nbd2 Nb4 10. Be2 Bf5 11. Ne1 Rc8 12. c3 Nc6 13. Nef3 Nd7 14. c4 Nc5 15.
cxd5 Qxd5 16. Nc4 Ne6 17. Ne3 Qa5 18. Nxf5 Qxf5 19. Qd2 Ncxd4 20. Nxd4 Nxd4 21.
Bxd4 Rcd8 22. Qb4 Rxd4 23. Qe1 Re4 24. Rd1 Qe6 25. Rd2 Bc3 0-1